000 00503nam a22001577a 4500
005 20260421100228.0
008 260421b |||||||| |||| 00| 0 eng d
020 _a9789780698287
050 _aPN1993.5.N5
_bA98
100 _aAdeshina Afolayan
245 _aAuteuring Nollywood
_bCritical Perspectives on The Figurine
260 _aIbadan
_bUniversity Press Plc.
_c2014
300 _axxi, 457 pages
_bILL
650 _aLanguage and Literature
_vLiterature (General)
_xMotion pictures by region
942 _cBK
999 _c4663
_d4663